Las mujeres en la actividad en la actividad económica en Argentina Bolivia y Paraguay /

La literatura existente sobre las relaciones entre participación femenina en el mercado de trabajo y desarrollo económico no han mostrado, hasta ahora, resultados concluyentes, si bien se viene destacando cada vez más lo que últimamente ha dado en llamarse la CURVA en U. esta no es más que una gener...

Ful tanımlama

Kaydedildi:
Detaylı Bibliyografya
Yazar: Recchini de Lattes, Zulma
Materyal Türü: Metin
Konular:
Etiketler: Etiketle
Etiket eklenmemiş, İlk siz ekleyin!

MARC

LEADER 00000 a a2200000 04500
001 16733
003
040
100 |a Recchini de Lattes, Zulma  
245 |a Las mujeres en la actividad en la actividad económica en Argentina Bolivia y Paraguay /  |c Zulma Recchini de Lattes 
520 |a La literatura existente sobre las relaciones entre participación femenina en el mercado de trabajo y desarrollo económico no han mostrado, hasta ahora, resultados concluyentes, si bien se viene destacando cada vez más lo que últimamente ha dado en llamarse la CURVA en U. esta no es más que una generalización empírica sobre las relaciones observadas entre el nivel de desarrollo económico y el grado de participación femenina en actividades económicas. Para decirlo de manera muy esquemática, la curva en U describirá una pauta de participación relativamente alta de los estadios tempranos y tardíos del desarrollo y relativamente baja en los intermedios  
650 |a GENERO  
650 |a MUJERES  
650 |a TRABAJO  
650 |a SOCIEDAD  
650 |a ECONOMIA  
650 |a INDICADORES DEMOGRAFICOS  
650 |a INDICADORES SOCIOECONOMICOS  
773 |g volumen 17, número 47; páginas 7-34  
999 |c 37940  |d 37940